Bollywood Music Challenge - Statistics

General Stats
  • This quiz has been taken 206 times
  • The average score is 16 of 40
Answer Stats
Question Answer % Correct
Romeo, Romeo gali ke Romeo (Movie: Mimi) Bohlee shakal waale saare ke saare farebiyon
82%
Munda thoda.. offbeat hai (Movie: Baar Baar Dekho) par kudiya de naal .. bohat sweet hai (x2)
65%
Moochhon ko thoda round ghumake (Movie: Chenai Express) Anna ke jaisa chashma lagake
63%
Too premi (aaha!), main premi (aaha!) (Movie: Badrinath Ki Dulhunia) Too raji (ahaa!), main raji ( aa….)
59%
Aag laga ke, dilon ko jala ke (Movie: Mere Yaar Ki Shaadi Hai) Karoon main ishara
57%
Punam key chaand ko, ghungat key neechey chhupa key (Movie: Chennai Express) Laayi terey liye, duniyaa sey nazrein churaa key
57%
To aaj yaar ghar pe ye bol do (Movie: War) Aayenge der se fiqre sab chhod do
53%
Teri Meri Gallan Ho Gayi Mashhoor (Movie: Shersha) Kar Na Kabhi Tu Mujhe Nazron Se Door
53%
Mila mila mila mila aankh mila (Movie: Jab Tak Hai Jaan) Laga laga laga laga aag laga
53%
Ghanan ghanan ghir ghir aaye badra (Movie: Lagaan) Ghane ghan ghor kaare chhaye badra
51%
Left Leg Aage Aage, Right Leg Pichay Pichay (Movie: Rab Ne Banade Jodi) Aaja Yaara Lets Start Ve
49%
Disco te club shub main ki karaan (Movie: Ladies vs Ricky Bahl) Bar ya pub shub main ki karaan
49%
Mere hothon se dhuaandhaar nikalti hai jo boli (Movie: Kalank) Jaise jaise bandook ki goli
49%
Jhumka gira de (Movie: Dostana) Jo milale agar woh nazar se nazar main taale
47%
Khelan kyon naa jaye (Movie: Badrinath Ki Dulhunia) Tu hori re rasiyaa
47%
Look ye mera awesome (Movie: Badrinath Ki Dulhunia) Adayein beautiful hai
43%
Rabg puredi rang rangili (Movie: Jab We Met) Ladki chail chapili
43%
Aankh Surme Se Bharke Taiyar Ki, (Movie: Street Dancer3D) Kheench-Kheench Ke Nishane Hoon Main Maarti,
41%
Before you blink this cat drinks the milk (Movie: Ladies vs Ricky Bahl) You never seen him coming
41%
Latpat latpat kamar damini adhar raagni ho (Movie: Bajirao Mastani) Hey latpat latpat kamar damini adhar raagni
39%
Dil da mamla hail dilbar (Movie:Heyy Babyy) Hun na zor hai is dil par
39%
Ki teri saanse chalti jidhar (Movie: Badrinath Ki Dulhunia) Rahungi bas wahi umr bhar
39%
Chad ki saariyan (Movie: Dostana) Ek baariya
37%
Yaaron main ghar kehdaa (Movie: Jab Tak Hai Jaan) Lokan ton puchdaa phirey
37%
Roothe roothe se savere (Movie: Good Newwz) Jaage jaage hai andhere
35%
Thapti dopaharee see, ladkee gilahari see (Movie:Atrangire) Meri jesee chaahiye tere jaise ko
35%
tere naa' diyan dhooman pe gaiyan (Movie: Baar Baar Dekho) Tu chandigarh tohn ayi ni
35%
Kudiyan de dil utte rule karange (Movie: Desi Boyz) ehi bazaaran vich phaili hai hawa
33%
Chali re chali re junoon ko liye (Movie: Jab Tak Hai Jaan) Katra katra lamhon ko piye
33%
Jihde Utte Girdi Bachda Vi Kakh Ni (Movie: is not from a movie) Taare Vi Darr Ke Rehan
31%
Main hua tera majanu too ban ja meri laila (Movie: Street Dancer 3D) Aaj chalegaa tera-mera phela-phela
29%
Maayusion ke chonge utaar ke phenk de na saare (Movie: Agneepath ) Candle ye shaam ka phoonk raat ka cake kaat pyaare
29%
Balam tharo ghurar ghurar ghurraave (Movie: Padmavat) Aaj mharo jivdo ghano hichkaave
24%
lag daandiya alag garba (Movie: Hasee Toh Phasee) But if you really wanna party
24%
Saiyar maari, saiyaru re (Movie: Gangubai Kathiawadi ) Hinch lai garbe ghumo
24%
meet the sun in the sand and the sea in the night (Movie: War) And we're feeling alright
22%
Polamgattu Dhummulona Potlagitta Dhookinattu natu natu (Movie: RRR) Poleramma Jataraalo Potharaju Ooginattu
18%
Kaante rehne de gulaab todh lai (Movie: Ladies vs Ricky Bahl) Neendhon ki tehniyon se khwaab todh lai
16%
Bairiyan de naal dil tang de (Movie: Befikre) Thappiyan shabashan dil mang de
14%
Sab jidhar woh hain udhar dekh rahe hain (x2) (Movie: Coolie No.1) Hum to public ki nazar dekh rahe
12%
No matching quizzes found
Score Distribution
Percent of People with Each Score
Percentile by Number Answered
Your Score History
You have not taken this quiz